| 000 | 00703nam a22002297a 4500 | ||
|---|---|---|---|
| 005 | 20170124110034.0 | ||
| 010 | _a821100 | ||
| 020 | _c25.00 | ||
| 035 | _a821100 | ||
| 037 | _bCen Lib/Ret | ||
| 040 |
_adpl _bEN |
||
| 082 |
_a882.08 _bDES |
||
| 100 |
_aDesai, R.W. _922341 |
||
| 245 |
_aFalstaff : _cby R.W.Desai _ba study of his role in Shakespeare's history plays / |
||
| 260 |
_bDoaba House _c1976 _aDelhi |
||
| 270 |
_a1688, Nai Sarak _bDelhi _e110006 |
||
| 300 |
_axxii,158p. _c20cm(Hb) |
||
| 500 | _aIncludes index | ||
| 650 |
_aShakespeare, William, -- 1564-1616 _922342 |
||
| 650 |
_aFalstaff, John, Sir (Fictitious character) _922343 |
||
| 942 |
_2ddc _cEN _h882.08 _mDES |
||
| 999 |
_c128077 _d128077 |
||